Library Logo

Pioneer International University Library Catalogue

Tides of love / (Record no. 9395)

MARC details
000 -LEADER
fixed length control field 00720cam a2200241 a 4500
001 - CONTROL NUMBER
control field 3804315
003 - CONTROL NUMBER IDENTIFIER
control field OSt
005 - DATE AND TIME OF LATEST TRANSACTION
control field 20250901165811.0
008 - FIXED-LENGTH DATA ELEMENTS--GENERAL INFORMATION
fixed length control field 850225r19851981mau 000 1 eng
010 ## - LIBRARY OF CONGRESS CONTROL NUMBER
LC control number 85005430
020 ## - INTERNATIONAL STANDARD BOOK NUMBER
International Standard Book Number 0839828772
040 ## - CATALOGING SOURCE
Original cataloging agency DLC
Transcribing agency DLC
Modifying agency DLC
050 00 - LIBRARY OF CONGRESS CALL NUMBER
Classification number PS 3563 .A853 T5 1985
Item number T5 1985
082 00 - DEWEY DECIMAL CLASSIFICATION NUMBER
Classification number 813/.54
Edition information 19
100 1# - MAIN ENTRY--PERSONAL NAME
Personal name Matthews, Patricia,
Dates associated with a name 1927-2006.
245 10 - TITLE STATEMENT
Title Tides of love /
Statement of responsibility, etc. by Patricia Matthews.
260 ## - PUBLICATION, DISTRIBUTION, ETC.
Place of publication, distribution, etc. Boston :
Name of publisher, distributor, etc. Gregg Press,
Date of publication, distribution, etc. [1985], c1981.
300 ## - PHYSICAL DESCRIPTION
Extent 326 p. ;
Dimensions 23 cm.
500 ## - GENERAL NOTE
General note Originally published: Toronto ; New York : Bantam Books, 1981.
655 #7 - INDEX TERM--GENRE/FORM
Genre/form data or focus term Love stories.
Source of term gsafd
906 ## - LOCAL DATA ELEMENT F, LDF (RLIN)
a 7
b cbc
c orignew
d 1
e ocip
f 19
g y-gencatlg
942 ## - ADDED ENTRY ELEMENTS (KOHA)
Source of classification or shelving scheme Library of Congress Classification
Koha item type Books
Holdings
Withdrawn status Lost status Source of classification or shelving scheme Damaged status Not for loan Home library Current library Shelving location Date acquired Total checkouts Full call number Barcode Date last seen Price effective from Koha item type
    Library of Congress Classification     Main Library Main Library   03/24/2025   PS 3563 .A853 T5 1985 PIU0007642 03/24/2025 03/24/2025 Books